Various Robust Search Methods in a Hungarian Speech Recognition System

Elmentve itt :
Bibliográfiai részletek
Szerzők: Gosztolya Gábor
Kocsor András
Tóth László
Felföldi László
Dokumentumtípus: Cikk
Megjelent: 2003
Sorozat:ACTA CYBERNETICA-SZEGED 16 No. 2
mtmt:212870
Online Access:http://publicatio.bibl.u-szeged.hu/6164
LEADER 00843nab a2200229 i 4500
001 publ6164
005 20190410093631.0
008 190410s2003 hu o 0|| angol d
022 |a 0324-721X 
024 7 |a 212870  |2 mtmt 
040 |a SZTE Publicatio Repozitórium  |b hun 
041 |a angol 
100 1 |a Gosztolya Gábor 
245 1 0 |a Various Robust Search Methods in a Hungarian Speech Recognition System  |h [elektronikus dokumentum] /  |c  Gosztolya Gábor 
260 |c 2003 
300 |a 229-240 
490 0 |a ACTA CYBERNETICA-SZEGED  |v 16 No. 2 
700 0 1 |a Kocsor András  |e aut 
700 0 1 |a Tóth László  |e aut 
700 0 1 |a Felföldi László  |e aut 
856 4 0 |u http://publicatio.bibl.u-szeged.hu/6164/1/2003_acta_u.pdf  |z Dokumentum-elérés  
856 4 0 |u http://publicatio.bibl.u-szeged.hu/6164/7/212870_megjelent_verzi%C3%B3.pdf  |z Dokumentum-elérés